<?xml version="1.0" encoding="UTF-8"?>
<collection xmlns="http://www.loc.gov/MARC21/slim">
 <record>
  <leader>00524pamaa2200169   4500</leader>
  <controlfield tag="001">0000014713</controlfield>
  <controlfield tag="005">20100430090000.0</controlfield>
  <datafield tag="020" ind1="0" ind2="0">
   <subfield code="a">033519057X </subfield>
  </datafield>
  <datafield tag="082" ind1=" " ind2=" ">
   <subfield code="a">305.42 ROS</subfield>
  </datafield>
  <datafield tag="090" ind1="0" ind2="0">
   <subfield code="a">JZ5540 </subfield>
   <subfield code="b">ROS 1995</subfield>
  </datafield>
  <datafield tag="100" ind1="1" ind2="0">
   <subfield code="a">ROSENEIL </subfield>
  </datafield>
  <datafield tag="245" ind1="1" ind2="0">
   <subfield code="a">Disarming patriarchy : </subfield>
   <subfield code="b">feminism and political action at Greenham  </subfield>
   <subfield code="c">Sasha Roseneil.</subfield>
  </datafield>
  <datafield tag="260" ind1="0" ind2="0">
   <subfield code="a">Buckingham: </subfield>
   <subfield code="b">Open University, </subfield>
   <subfield code="c">1995.</subfield>
  </datafield>
  <datafield tag="300" ind1=" " ind2=" ">
   <subfield code="a">viii, 225p.: </subfield>
   <subfield code="b">23cm.</subfield>
  </datafield>
  <datafield tag="650" ind1="0" ind2="0">
   <subfield code="a">Women and peace </subfield>
  </datafield>
  <datafield tag="650" ind1="0" ind2="0">
   <subfield code="a">Antinuclear movement -- </subfield>
   <subfield code="x">Great Britain </subfield>
  </datafield>
  <datafield tag="650" ind1="0" ind2="0">
   <subfield code="a">Patriarchy -- </subfield>
   <subfield code="x">Great Britain </subfield>
  </datafield>
 </record>
</collection>
